A sound affair Part 1 & 2 / (Record no. 47270)

MARC details
000 -LEADER
fixed length control field 01128njm a22002897a 4500
005 - DATE AND TIME OF LATEST TRANSACTION
control field 2010092107437.0
007 - PHYSICAL DESCRIPTION FIXED FIELD--GENERAL INFORMATION
fixed length control field sd ammalaaahaa
008 - FIXED-LENGTH DATA ELEMENTS--GENERAL INFORMATION
fixed length control field 100913t xxu||||| |||| 00| 0 hin d
028 ## - PUBLISHER NUMBER
Publisher number PSLP-1364
Source His Master's voice
035 ## - SYSTEM CONTROL NUMBER
System control number GR-03940
040 ## - CATALOGING SOURCE
Original cataloging agency SED/VEN
100 ## - MAIN ENTRY--PERSONAL NAME
9 (RLIN) 19606
Personal name Jagjit
245 ## - TITLE STATEMENT
Title A sound affair Part 1 & 2 /
Medium [sound recording] :
Statement of responsibility, etc by Jagjit Singh & Chitra Singh lyric by Shahid Meer
246 ## - VARYING FORM OF TITLE
Title proper/short title अ सौंड अफ्फैर (जगजीत सिंह और चित्र सिंह )
260 ## - PUBLICATION, DISTRIBUTION, ETC. (IMPRINT)
Place of publication, distribution, etc Dum Dum, India
Name of publisher, distributor, etc Music India
Date of publication, distribution, etc 1985
300 ## - PHYSICAL DESCRIPTION
Extent 1 sound disc [Gramophone record] :
Other physical details analog, 33.1/3 rpm
Dimensions 12 in. (LP)
Type of unit Gramophone record
500 ## - GENERAL NOTE
General note Brief record.
500 ## - GENERAL NOTE
General note VENUS
500 ## - GENERAL NOTE
General note Orange
505 ## - FORMATTED CONTENTS NOTE
Formatted contents note Part.1 Chhuo na chhune do Part 2 Unpe sadke dilon jaan
650 ## - SUBJECT ADDED ENTRY--TOPICAL TERM
General subdivision Excerpts
Geographic subdivision India
9 (RLIN) 19607
Form subdivision Filmi song
Topical term or geographic name as entry element Classical music
700 ## - ADDED ENTRY--PERSONAL NAME
9 (RLIN) 20331
Personal name Asha Bhosle
700 ## - ADDED ENTRY--PERSONAL NAME
Personal name Laxmi Kant Pyarelal
9 (RLIN) 20936
700 ## - ADDED ENTRY--PERSONAL NAME
Personal name Anjaan
9 (RLIN) 20937
942 ## - ADDED ENTRY ELEMENTS (KOHA)
Source of classification or shelving scheme Dewey Decimal Classification
Item type Gramaphone Records
Holdings
Withdrawn status Lost status Source of classification or shelving scheme Damaged status Not for loan Collection code Home library Current library Date acquired Source of acquisition Total Checkouts Barcode Date last seen Copy number Price effective from Koha item type
    Dewey Decimal Classification   Not For Loan Non-fiction Central Library Central Library 21/09/2010 SED/VEN   GR-03940 21/09/2010 1 21/09/2010 Gramaphone Records

© Delhi Public Library
Hit Counter
free hit counter